| Tag |
First Indicator |
Second Indicator |
Subfields |
| LEADER |
00000cam a2200000 a 4500 |
| 001 |
in00002139335 |
| 006 |
m e d # |
| 007 |
cr mn mmmmabba |
| 008 |
840821s1799 paua s 000 0 ger d |
| 005 |
20260330191822.4 |
| 035 |
|
|
|z w022939
|
| 035 |
|
|
|a MAAR8408213315B
|
| 035 |
|
|
|9 mwa91-53913
|
| 035 |
|
|
|a 341234
|
| 035 |
|
|
|a aas03022939
|
| 040 |
|
|
|a MWA
|c MWA
|e bdrb
|d UtOrBLW
|
| 245 |
0 |
0 |
|a Neuer Hauswirthschafts Calender, auf das Jahr, nach der heilbringenden Geburt unsers Herrn und Heylandes Jesu Christi, 1800 :
|b ... Mit sonderbarem Fleiss nach dem pennsylvanischen und der angrenzenden Staat Horizont und Nordhöhe berechnet. ... : Zum Zweytenmal herausgegeben. ...
|
| 264 |
|
1 |
|a Philadelphia :
|b Gedruckt und zu haben bey Henrich Schweitzer, am südwestlichen Ecke der Rees- und Viertenstrasse,
|c [1799]
|
| 300 |
|
|
|a 40 unnumbered pages :
|b illustrations ;
|c 20 cm. (duodecimo)
|
| 336 |
|
|
|a text
|b txt
|2 rdacontent
|
| 337 |
|
|
|a computer
|b c
|2 rdamedia
|
| 338 |
|
|
|a online resource
|b cr
|2 rdacarrier
|
| 500 |
|
|
|a Cover title: Calender für das Jahr 1800.
|
| 500 |
|
|
|a Imprint from cover.
|
| 500 |
|
|
|a Cover illustration signed: F. Reiche.
|
| 500 |
|
|
|a Bookseller's advertisement at foot of title page.
|
| 510 |
4 |
|
|a Evans
|c 35864
|
| 510 |
4 |
|
|a Drake, M. Almanacs,
|c 10527
|
| 530 |
|
|
|a Microform version available in the Readex Early American Imprints series.
|
| 533 |
|
|
|a Electronic text and image data.
|b [Chester, Vt. :
|c Readex, a division of Newsbank, Inc.,
|d 2002-2004.
|e Includes files in TIFF, GIF and PDF formats with inclusion of keyword searchable text.
|f (Early American imprints. First series ; no. 35864).
|
| 500 |
|
|
|a Electronic resource.
|
| 655 |
|
7 |
|a Almanacs
|z Pennsylvania
|y 1800.
|2 rbgenr
|
| 655 |
|
7 |
|a Booksellers' advertisements
|z Pennsylvania
|z Philadelphia.
|2 rbgenr
|
| 700 |
1 |
6 |
|a Reiche, J. F.,
|e illustrator.
|
| 752 |
|
|
|a United States
|b Pennsylvania
|d Philadelphia.
|
| 830 |
|
0 |
|a Early American imprints.
|n Series I,
|p Evans (1639-1800) ;
|v no. 35864.
|
| 856 |
4 |
1 |
|u http://proxy.library.tamu.edu/login?url=https://opac.newsbank.com/select/evans/35864
|y Evans Digital Edition
|t 0
|
| 999 |
|
|
|a MARS
|
| 999 |
f |
f |
|s cca2171b-bdf7-3c51-bb63-b37356a251af
|i 11298869-8699-30f5-9e74-f1effcd4f524
|t 0
|
| 952 |
f |
f |
|a Texas A&M University
|b College Station
|c Electronic Resources
|s www_evans
|d Available Online
|t 0
|h No information provided
|
| 998 |
f |
f |
|t 0
|l Available Online
|